MARC details
| 000 -LEADER |
| fixed length control field |
01092cam a22003255i 4500 |
| 003 - CONTROL NUMBER IDENTIFIER |
| control field |
TR-AnTOB |
| 005 - DATE AND TIME OF LATEST TRANSACTION |
| control field |
20191221181929.0 |
| 007 - PHYSICAL DESCRIPTION FIXED FIELD--GENERAL INFORMATION |
| fixed length control field |
ta |
| 008 - FIXED-LENGTH DATA ELEMENTS--GENERAL INFORMATION |
| fixed length control field |
130216s2012 pk a 000 0deng |
| 010 ## - LIBRARY OF CONGRESS CONTROL NUMBER |
| LC control number |
2013352195 |
| 040 ## - CATALOGING SOURCE |
| Original cataloging agency |
DLC |
| Language of cataloging |
eng |
| Description conventions |
rda |
| Transcribing agency |
DLC |
| Modifying agency |
DLC |
| -- |
TR-AnTOB |
| 041 #0 - LANGUAGE CODE |
| Language code of text/sound track or separate title |
İngilizce |
| 042 ## - AUTHENTICATION CODE |
| Authentication code |
lcode |
| 043 ## - GEOGRAPHIC AREA CODE |
| Geographic area code |
a-pk--- |
| 050 #0 - LIBRARY OF CONGRESS CALL NUMBER |
| Classification number |
HC440.5 |
| Item number |
.N57 2012 |
| 090 ## - LOCALLY ASSIGNED LC-TYPE CALL NUMBER (OCLC); LOCAL CALL NUMBER (RLIN) |
| Classification number (OCLC) (R) ; Classification number, CALL (RLIN) (NR) |
HC440.5 |
| Local cutter number (OCLC) ; Book number/undivided call number, CALL (RLIN) |
.N57 2012 |
| 100 1# - MAIN ENTRY--PERSONAL NAME |
| Personal name |
Nisar, Ijaz |
| Relator term |
author |
| 9 (RLIN) |
122697 |
| 245 10 - TITLE STATEMENT |
| Title |
100 Business leaders of Pakistan : |
| Remainder of title |
exclusive interviews, success stories and case-studies of business leaders, presidents, CEOs, ... / |
| Statement of responsibility, etc. |
Ijaz Nisar. |
| 246 3# - VARYING FORM OF TITLE |
| Title proper/short title |
One hundred business leaders of Pakistan |
|
| Title proper/short title |
Business leaders of Pakistan |
| 264 ## - PRODUCTION, PUBLICATION, DISTRIBUTION, MANUFACTURE, AND COPYRIGHT NOTICE |
| Place of production, publication, distribution, manufacture |
Lahore : |
| Name of producer, publisher, distributor, manufacturer |
Manager Today Publications, |
| Date of production, publication, distribution, manufacture, or copyright notice |
2012. |
| 300 ## - PHYSICAL DESCRIPTION |
| Extent |
xvi, 543 pages : |
| Other physical details |
color illustrations ; |
| Dimensions |
25 cm |
| 336 ## - CONTENT TYPE |
| Content type term |
text |
| Source |
rdacontent |
| Content type code |
txt |
| 337 ## - MEDIA TYPE |
| Media type term |
unmediated |
| Source |
rdamedia |
| Media type code |
n |
| 338 ## - CARRIER TYPE |
| Carrier type term |
volume |
| Carrier type code |
nc |
| Source |
rdacarrier |
| 650 #0 - SUBJECT ADDED ENTRY--TOPICAL TERM |
| Topical term or geographic name entry element |
Executive ability |
| Geographic subdivision |
Pakistan |
| 9 (RLIN) |
122698 |
|
| Topical term or geographic name entry element |
Entrepreneurship |
| Geographic subdivision |
Pakistan. |
| 9 (RLIN) |
1527 |
| 942 ## - ADDED ENTRY ELEMENTS (KOHA) |
| Source of classification or shelving scheme |
Library of Congress Classification |
| Koha item type |
Book |